Introduction to hydrology (Record no. 3809)

000 -LEADER
fixed length control field 00582nam a2200229 a 4500
001 - CONTROL NUMBER
control field 3809
003 - CONTROL NUMBER IDENTIFIER
control field BD-DhUET
008 - FIXED-LENGTH DATA ELEMENTS--GENERAL INFORMATION
fixed length control field 941109s1995 ilua b 001 0 eng
020 ## - INTERNATIONAL STANDARD BOOK NUMBER
International Standard Book Number 0673991652
040 ## - CATALOGING SOURCE
Original cataloging agency DLC
Transcribing agency DLC
Modifying agency BD-DhUET
082 00 - DEWEY DECIMAL CLASSIFICATION NUMBER
Classification number 551.49
Item number VIE/1996
100 ## - MAIN ENTRY--PERSONAL NAME
Personal name Viessman, Warren
245 10 - TITLE STATEMENT
Title Introduction to hydrology
250 ## - EDITION STATEMENT
Edition statement 4th ed.
260 ## - PUBLICATION, DISTRIBUTION, ETC. (IMPRINT)
Place of publication, distribution, etc. New York
Name of publisher, distributor, etc. Harpe & Row Publishers
Date of publication, distribution, etc. 1996
300 ## - PHYSICAL DESCRIPTION
Extent xiv,760p.
Other physical details ill.
Dimensions 25 cm.
504 ## - BIBLIOGRAPHY, ETC. NOTE
Bibliography, etc Includes bibliographies
650 #0 - SUBJECT ADDED ENTRY--TOPICAL TERM
Topical term or geographic name as entry element Hydrology
700 1# - ADDED ENTRY--PERSONAL NAME
Personal name Lewis, Gary L.
700 ## - ADDED ENTRY--PERSONAL NAME
Personal name Knapp, John W.
942 ## - ADDED ENTRY ELEMENTS (KOHA)
Koha item type General Book
Holdings
Withdrawn status Koha normalized classification for sorting Shelving location Koha item type Not for loan Price effective from Lost status Koha full call number Piece designation (barcode) Damaged status Date acquired Location (home branch) Sublocation or collection (holding branch) Copy number Source of classification or shelving scheme Koha date last seen
 551_000000000000000_49VIE1996Circulation sectionGeneral Book 2014-11-06 551.49/VIE/199689516 2014-11-06Central Library, BUETCentral Library, BUET1 2014-11-06
 551_490000000000000_VIE_1996Circulation sectionGeneral Book 2014-11-09 551.49/VIE/199689518 2014-11-09Central Library, BUETCentral Library, BUET2 2014-11-09
 551_490000000000000_VIE_1996Circulation sectionGeneral Book 2014-11-24 551.49/VIE/199671480 2014-11-24Central Library, BUETCentral Library, BUET3 2014-11-24
 551_490000000000000_VIE_1996Reading sectionReading Item 2015-06-08 551.49/VIE/199689515 2015-06-08Central Library, BUETCentral Library, BUET4 2015-06-08